00570nam a2200145 a 4500008004100000050002400041100001800065245014500083260006000228300002600288490004000314490001900354500001700373650003400390121019s1995 ||||||||||||||||| || u aPAPERS/STAFF/SIZIYA aSiziya, Seter10aHaemolytic uraemic syndrome following shigella dysenteriae type 1 outbreak in Zimbabwe: a clinical experiencecby Seter Siziya; [and others] aLusaka:bUniversity of Zambia, School of Medicinec1995 ap. 267 - p. 274: ill. aCentral African Journal of Medicine vVol. 41, No. 9 aBibliography aDISEASES--OUTBREAKS--ZIMBABWE